000 00659nam a2200277Ia 4500
005 20260324123308.0
008 008 260324s9999 xx 000 0 eng d
020 _a9781315556086
037 _aEBOOK
040 _aCRL
040 _beng
040 _cCRL
041 _2eng
041 _aeng
084 _qCRL
100 _aBrenda Ayres
_91059975
245 4 _aThe Life and Works of Augusta Jane Evans Wilson, 1835-1909
260 _bTaylor and Francis
260 _c2012
365 _a
365 _b240
856 _uhttp://www.taylorfrancis.com/books/9781315556086
942 _cEBOOK
999 _c1763169
_d1763169